2025/26 Italian Football League Teams - Statistics

General Stats
  • This quiz has been taken 256 times
  • The average score is 27 of 40
Answer Stats
League Team % Correct
Serie A AC Milan
99%
Serie A Inter Milan
99%
Serie A Juventus
98%
Serie A Roma
95%
Serie A Lazio
94%
Serie A Napoli
94%
Serie A Atalanta
92%
Serie A Fiorentina
91%
Serie A Bologna
88%
Serie A Hellas Verona
87%
Serie B Palermo
85%
Serie A Torino
84%
Serie A Cagliari
82%
Serie A Genoa
82%
Serie A Udinese
82%
Serie A Pisa
79%
Serie B Venezia
79%
Serie B Bari
78%
Serie A Como
78%
Serie A Sassuolo
78%
Serie A Parma
77%
Serie B Sampdoria
77%
Serie A Lecce
72%
Serie A Cremonese
69%
Serie B Empoli
63%
Serie B Monza
62%
Serie B Spezia
49%
Serie B Frosinone
47%
Serie B Modena
47%
Serie B Padova
42%
Serie B Pescara
42%
Serie B Catanzaro
39%
Serie B Südtirol
39%
Serie B Reggiana
37%
Serie B Cesena
35%
Serie B Juve Stabia
35%
Serie B Avellino
33%
Serie B Mantova
32%
Serie B Carrarese
26%
Serie B Virtus Entella
23%
No matching quizzes found
Score Distribution
Percent of People with Each Score
Percentile by Number Answered
Your Score History
You have not taken this quiz